000 00793nam a2200241 i 4500
001 190284
003 ES-MaACL
005 20251217063025.0
008 201016s2017 sp |||| | spa d
020 _a978-84-946622-4-9
100 1 _aFerrero, Inma J.,
_d1977-
_9170463
245 1 3 _aEl acorde perturbado /
_cInma J. Ferrero.
250 _a1ª ed.
260 _aMadrid :
_bVitruvio,
_c2017.
300 _a108 p. ;
_c21 cm.
490 1 _aColección Baños del Carmen ;
_v627
830 0 _aColección Baños del Carmen
_v627
_9183030
852 _aES-MaACL
_jA-14590
_9197489
_bR.151996
_cDEPO1
_dOlim: N-7590
_hDonacion: Jose Lazaro
903 _9234219
_aLázaro García, José
_ednr
942 _2udc
_cMONOGRAFIA
999 _c190284
_d190284